Southville International School and Colleges
Your cart is empty.
  • Cart
  • Lists
    Public lists list_1 View all
    Your lists Log in to create your own lists
  • Log in to your account
  • Your cookies
  • Search history
Southville International School and Colleges
  • Advanced search
  • Recent comments
  • Most popular
  • Libraries

Log in to your account

Log in with GOOGLE


If you do not have an external account, but do have a local account, you can still log in:

  1. Home
  2. MARC view: Learn chinese with me.
Normal view MARC view ISBD view

Learn chinese with me. (Record no. 115462)

[ view plain ]
MARC details
000 -LEADER
fixed length control field 00458nam a2200169 a 4500
005 - DATE AND TIME OF LATEST TRANSACTION
control field 20140414173343.0
008 - FIXED-LENGTH DATA ELEMENTS--GENERAL INFORMATION
fixed length control field 100615s19uu xx 00 eng d
020 ## - INTERNATIONAL STANDARD BOOK NUMBER
International Standard Book Number 9787107207501
050 ## - LIBRARY OF CONGRESS CALL NUMBER
Classification number TR 495.1
Item number L48 2008
245 ## - TITLE STATEMENT
Title Learn chinese with me.
260 ## - PUBLICATION, DISTRIBUTION, ETC. (IMPRINT)
Name of publisher, distributor, etc People's Educaztion Press.
520 ## - SUMMARY, ETC.
Summary, etc 120 flash cards, 2 VCD, Teacher's book, Student's Book
650 ## - SUBJECT ADDED ENTRY--TOPICAL TERM
Topical term or geographic name as entry element Chinese
General subdivision language
942 ## - ADDED ENTRY ELEMENTS (KOHA)
Koha item type Books
Holdings
Withdrawn status Lost status Damaged status Home library Current library Shelving location Date acquired Source of acquisition Total Checkouts Full call number Barcode Date last seen Price effective from Koha item type
      Munich Library Munich Library Teachers Reference Section 06/15/2010     TR 495.1 L48 2008 M6721mm 04/14/2014 04/14/2014 Books
      Munich Library Munich Library Teachers Reference Section 06/15/2010     TR 495.1 L48 2008 M6722mm 04/14/2014 04/14/2014 Books

Learn chinese with me.

APA

Learn chinese with me. : People's Educaztion Press.

Chicago

Learn chinese with me. : People's Educaztion Press.

Harvard

Learn chinese with me. : People's Educaztion Press.

MLA

: People's Educaztion Press. .

  • Place hold
  • Print
  • Cite
  • Add to your cart (remove)
  • Save record
    BIBTEX Dublin Core MARCXML MARC (non-Unicode/MARC-8) MARC (Unicode/UTF-8) MARC (Unicode/UTF-8, Standard) MODS (XML) RIS
  • More searches
    Search for this title in:
    Other Libraries (WorldCat) Other Databases (Google Scholar) Online Stores (Bookfinder.com) Open Library (openlibrary.org)

Exporting to Dublin Core...

SOUTHVILLE LIBRARY

Southville International School and Colleges Library

1281 Tropical Ave. Cor. Luxembourg St., BF Homes International, Las Pinas City

Tel. No. 8256374 / 252358 Loc. 117/146

Powered by Koha